| 000 | 00401 a2200157 4500 | ||
|---|---|---|---|
| 001 | 61487 | ||
| 020 | _a8572631313 | ||
| 040 | _cAnchieta - Pituba | ||
| 100 | _aFonseca, Marcelo M. F. da | ||
| 240 | 1 | 0 |
_aVestibulares resolvidos 1997 _lpor |
| 245 | 1 | 0 | _aVestibulares resolvidos 1997 |
| 300 | _a115 | ||
| 362 | 0 | _a1997 | |
| 650 | 4 | _a. Vestibulares / Exames de admissão em universidades | |
| 942 | _cBK | ||
| 999 |
_c61487 _d61487 |
||